Central Library OPAC University of Rajshahi

An introduction to parasitology / (Record no. 72529)

MARC details
000 -LEADER
fixed length control field 00764nam a2200241 a 4500
001 - CONTROL NUMBER
control field 72529
003 - CONTROL NUMBER IDENTIFIER
rucl marc code BD-RjUL
005 - DATE AND TIME OF LATEST TRANSACTION
control field 20211209082255.0
008 - FIXED-LENGTH DATA ELEMENTS--GENERAL INFORMATION
fixed length control field 170520s1967 enka b 000 0 eng
035 ## - SYSTEM CONTROL NUMBER
System control number (BD-RjUL)72747
040 ## - CATALOGING SOURCE
Original cataloging agency BD-RjUL
Language of cataloging eng
Transcribing agency BD-RjUL
Modifying agency BD-RjUL
041 ## - LANGUAGE CODE
Language code of text/sound track or separate title eng
082 ## - DEWEY DECIMAL CLASSIFICATION NUMBER
Edition number 23
Classification number 616.96
Author mark and year WII 1967
100 1# - MAIN ENTRY--PERSONAL NAME
Personal name Wilson, Robert A.
Fuller form of name (Robert Alan),
Dates associated with a name 1944-
9 (RLIN) 214512
245 13 - TITLE STATEMENT
Title An introduction to parasitology /
Statement of responsibility, etc. by R. Alan Wilson
260 ## - PUBLICATION, DISTRIBUTION, ETC. (IMPRINT)
Place of publication, distribution, etc. London :
Name of publisher, distributor, etc. Edward Arnold,
Date of publication, distribution, etc. c1967
300 ## - PHYSICAL DESCRIPTION
Pagination 60 p. :
Illustrations ill. ;
Size 22 cm
490 ## - SERIES STATEMENT
Series statement Institute of Biology's studies in biology ;
Volume/sequential designation 4
504 ## - BIBLIOGRAPHY, ETC. NOTE
Bibliography, etc Bibliography: p. [60]
650 #0 - SUBJECT ADDED ENTRY--TOPICAL TERM
Topical term or geographic name as entry element parasitology
9 (RLIN) 214513
830 #0 - SERIES ADDED ENTRY--UNIFORM TITLE
Uniform title Institute of Biology's studies in biology ;
Volume number/sequential designation 4
942 ## - ADDED ENTRY ELEMENTS (KOHA)
Source of classification or shelving scheme Dewey Decimal Classification
Koha item type Books
Holdings
Lost status Source of classification or shelving scheme Damaged status Not for loan Collection code Permanent Location Current Location Shelving location Date acquired Source of acquisition Cost, normal purchase price Total Checkouts Full call number Date last seen Copy number Koha item type
  Dewey Decimal Classification   Not For Loan Non-fiction Central Library, University of Rajshahi Central Library, University of Rajshahi Reading Room 02/05/1984 British Council 0.00   616.96 WII 1967 20/05/2017 C-1 Books